THE HARDY BOYS - BALLOON BLOW-UP (Record no. 7911)
[ view plain ]
| 000 -LEADER | |
|---|---|
| fixed length control field | 00837nam a22001457a 4500 |
| 020 ## - INTERNATIONAL STANDARD BOOK NUMBER | |
| ISBN | 978-1-4424-5371-5 |
| 082 ## - DEWEY DECIMAL CLASSIFICATION NUMBER | |
| Classification number | 823 |
| Item number | DIX/H |
| 100 ## - MAIN ENTRY--AUTHOR NAME | |
| Personal name | DIXON, FRANKLIN W |
| 245 ## - TITLE STATEMENT | |
| Title | THE HARDY BOYS - BALLOON BLOW-UP |
| 260 ## - PUBLICATION, DISTRIBUTION, ETC. (IMPRINT) | |
| Place of publication | NEW YORK |
| Name of publisher | ALADDIN PAPERBACKS |
| Year of publication | 2013 |
| 300 ## - PHYSICAL DESCRIPTION | |
| Number of Pages | 99 |
| 520 ## - SUMMARY, ETC. | |
| Summary, etc | The Green Crawler is one of the coolest superheroes around, and Frank and Joe are some of his biggest fans. And thanks to a contest, the Hardy boys get to be two of the handlers for the new Green Crawler balloon in the annual Fall Festival parade in Bayport! But the day before the parade, disaster strikes: someone has ripped the Green Crawler balloon! Can the brothers figure out who tried to ground the Green Crawler? Or will Joe and Frank be watching the parade from the sidelines this year? |
| 650 ## - SUBJECT ADDED ENTRY--TOPICAL TERM | |
| Topical Term | MYSTERY |
| Geographic subdivision | UNITED STATES |
| 942 ## - ADDED ENTRY ELEMENTS (KOHA) | |
| Koha item type | Books |
| Withdrawn status | Lost status | Collection code | Home library | Current library | Shelving location | Date acquired | Source of acquisition | Cost, normal purchase price | Full call number | Accession Number | Koha item type |
|---|---|---|---|---|---|---|---|---|---|---|---|
| Fiction | Main Library | Main Library | NEW SHELF WITH NEW ENTRY | 12/12/2023 | purchase | 150.00 | 823 DIX/H | 13510 | Books |